Вероятностно-временные характеристики асинхронных систем обработки интегральной информации с учетом влияния свойства самоподобия: автореферат диссертации на соискание ученой степени кандидата технических наук; Спец. 05.13.01

Bibliografiske detaljer
Hovedforfatter: Пономарев Д. Ю. Дмитрий Юрьевич
Institution som forfatter: Научно-исследовательский институт систем управления, волновых процессов и технологий (НИИ СУВПТ)
Andre forfattere: Петров М. Н. (научный руководитель)
Summary:Защита сост. 28.11.2002 г.
Sprog:russisk
Udgivet: Красноярск, [Б. и.], 2002
Fag:
Format: MixedMaterials Bog
KOHA link:https://koha.lib.tpu.ru/cgi-bin/koha/opac-detail.pl?biblionumber=54614

MARC

LEADER 00000nam0a2200000 4500
001 54614
005 20231031050707.0
035 |a (RuTPU)RU\TPU\book\57267 
090 |a 54614 
100 |a 20030820d2002 k y0rusy50 ca 
101 0 |a rus 
102 |a RU 
105 |a a dm 001zy 
200 1 |a Вероятностно-временные характеристики асинхронных систем обработки интегральной информации с учетом влияния свойства самоподобия  |e автореферат диссертации на соискание ученой степени кандидата технических наук  |e Спец. 05.13.01  |f Д. Ю. Пономарев  |g Научно-исследовательский институт систем управления, волновых процессов и технологий; науч. рук. М. Н. Петров 
210 |a Красноярск  |c [Б. и.]  |d 2002 
215 |a 22 с.  |c ил. 
300 |a Защита сост. 28.11.2002 г. 
320 |a Библиогр.: с. 20-22 (19 назв.) 
610 1 |a связь 
610 1 |a информация 
610 1 |a передача 
610 1 |a телекоммуникационные системы 
610 1 |a коммутация 
610 1 |a обработка 
610 1 |a асинхронные сети 
610 1 |a массовое обслуживание 
610 1 |a авторефераты диссертаций 
675 |a 621.391(04)  |v 3 
686 |a 05.13.01  |2 oksvnk 
700 1 |a Пономарев  |b Д. Ю.  |g Дмитрий Юрьевич 
702 1 |a Петров  |b М. Н.  |4 727 
712 0 2 |a Научно-исследовательский институт систем управления, волновых процессов и технологий (НИИ СУВПТ)  |c (Красноярск)  |2 stltpush  |3 (RuTPU)RU\TPU\col\1682 
801 1 |a RU  |b 63413507  |c 20030820  |g PSBO 
801 2 |a RU  |b 63413507  |c 20080701  |g PSBO 
942 |c BK